[Event "GAMMA Reykjavik Open 2019"]
[Site "Reykjavik"]
[Date "2019.04.14"]
[Round "7.31"]
[White "Kreckovic, Milos"]
[Black "Astaneh Lopez, Alex"]
[Result "0-1"]
[WhiteElo "2168"]
[BlackElo "2427"]
[Annotator "NA"]
[PlyCount "76"]
[EventDate "2019.04.04"]
[EventType "swiss"]
[EventCountry "ISL"]
[SourceTitle "playchess.com"]
[Source "ChessBase"]
[SourceQuality "1"]
[TimeControl "40/5400+30:1800+30"]

1. d4 {[%emt 0:02:07]} Nf6 {[%emt 0:04:48]} 2. c4 {[%emt 0:06:26]} e6 {[%emt 0:00:49]} 3. Nc3 {[%emt 0:00:08]} Bb4 {[%emt 0:00:07]} 4. a3 {[%emt 0:00:28]} Bxc3+ {[%emt 0:00:07]} 5. bxc3 {[%emt 0:00:04]} O-O {[%emt 0:00:28]} 6. f3 {[%emt 0:01:53]} d5 {[%emt 0:01:43]} 7. e3 {[%emt 0:00:07]} c5 {[%emt 0:00:52]} 8. cxd5 {[%emt 0:00:13]} exd5 {[%emt 0:00:21]} 9. Bd3 {[%emt 0:00:07]} b6 {[%emt 0:00:55]} 10. Ne2 {[%emt 0:00:35]} Ba6 {[%emt 0:00:06]} 11. Bxa6 {[%emt 0:00:18]} Nxa6 {[%emt 0:00:06]} 12. O-O {[%emt 0:00:07]} Qd7 {[%emt 0:01:01]} 13. Qd3 {[%emt 0:07:22]} Qb7 {[%emt 0:07:01]} 14. g4 {[%emt 0:04:11]} Rfe8 {[%emt 0:01:07]} 15. Ng3 {[%emt 0:04:20]} Rad8 {[%emt 0:02:03]} 16. Ra2 {[%emt 0:01:02]} Nc7 {[%emt 0:00:45]} 17. Rg2 {[%emt 0:10:41]} Qa6 {[%emt 0:00:18]} 18. Qf5 {[%emt 0:02:01]} Nb5 $14 {[%emt 0:02:57]} (18... Qc4 $15) 19. Qg5 {[%emt 0:17:04]} h6 {[%emt 0:00:47]} 20. Qh4 {[%emt 0:00:03]} Nh7 {[%emt 0:00:06]} 21. e4 {[%emt 0:07:45]} Nxc3 {[%emt 0:07:44]} 22. g5 {[%emt 0:05:41]} hxg5 {[%emt 0:20:30]} 23. Bxg5 {[%emt 0:00:15]} Nxg5 {[%emt 0:00:05]} 24. Qxg5 {[%emt 0:00:41]} Rd6 {[%emt 0:02:37]} 25. Nf5 {[%emt 0:08:16]} Rg6 {[%emt 0:00:24]} 26. Ne7+ {[%emt 0:00:07]} Rxe7 {[%emt 0:00:03]} 27. Qxe7 {[%emt 0:00:05]} Ne2+ {[%emt 0:00:07]} 28. Kf2 {[%emt 0:00:22]} Rxg2+ {[%emt 0:06:33]} 29. Kxg2 {[%emt 0:00:03]} Nf4+ {[%emt 0:00:04]} 30. Kg3 {[%emt 0:05:24]} Qxf1 {[%emt 0:00:10]} 31. Kxf4 {[%emt 0:00:03]} Qc1+ {[%emt 0:06:55]} 32. Ke5 {[%emt 0:00:25]} dxe4 {[%emt 0:02:35]} 33. Qd8+ {[%emt 0:14:16]} Kh7 {[%emt 0:00:06]} 34. Qh4+ {[%emt 0:00:03]} Qh6 {[%emt 0:00:49]} 35. Qxe4+ {[%emt 0:00:02]} g6 {[%emt 0:02:01]} 36. d5 {[%emt 0:03:49]} Qxh2+ {[%emt 0:00:18]} 37. Kf6 {[%emt 0:01:18]} Qc7 {[%emt 0:00:09]} 38. Qh4+ {[%emt 0:00:35]} Kg8 {[%emt 0:00:15]} 0-1

[Event "GAMMA Reykjavik Open 2019"]
[Site "Reykjavik"]
[Date "2019.04.15"]
[Round "8.1"]
[White "Lupulescu, Constantin"]
[Black "Jones, Gawain C B"]
[Result "0-1"]
[WhiteElo "2634"]
[BlackElo "2698"]
[Annotator "TA"]
[PlyCount "168"]
[EventDate "2019.04.04"]
[EventType "swiss"]
[EventCountry "ISL"]
[SourceTitle "playchess.com"]
[Source "ChessBase"]
[SourceQuality "1"]

{[%evp 15,168,0,6,6,0,9,2,4,0,15,16,7,1,0,3,14,9,0,0,-50,-38,-52,-41,-51,-46,-66,-66,-121,-144,-143,-73,-77,-78,-88,-74,-74,-74,-74,-74,-79,-78,-129,-131,-120,-127,-129,-129,-113,-113,-140,-140,-159,-147,-147,-147,-180,-170,-210,-227,-227,-221,-206,-203,-235,-213,-364,-356,-556,-556,-556,-556,-450,-435,-530,-527,-998,-964,-906,-894,-1207,-1171,-1155,-1058,-4295,-2005,-29963,-29964,-29960,-12840,-29966,-29967,-29966,-29968,-29968,-29969,-29968,-29970,-29970,-29970,-29969,-29971,-29970,-29971,-29971,-29972,-29971,-29970,-29978,-29979,-29979,-29973,-29973,-29973,-29973,-29974,-29974,-29973,-29974,-29974,-29974,-29975,-29974,-29973,-29973,-29972,-29974,-29971,-29976,-29977,-29977,-29977,-29978,-29979,-29978,-29979,-29979,-29980,-29980,-29981,-29978,-29979,-29982,-29983,-29983,-29984,-29984,-29982,-29982,-29982,-29987,-29988,-29988,-29989,-29989,-29990]} 1. d4 Nf6 2. c4 g6 3. Nc3 d5 4. cxd5 Nxd5 5. e4 Nxc3 6. bxc3 Bg7 7. Nf3 c5 8. h3 O-O 9. Be3 {D85: Exchange Grünfeld: Unusual White 7th moves and lines with 7 Nf3} Qa5 10. Bd2 e6 (10... cxd4 11. cxd4 Qa3 12. Be2 Nc6 13. d5 Nd4 14. Nxd4 Bxd4 15. Rb1 Qxa2 16. O-O Bf6 {1-0 (25) Yu,Y (2759)-Svidler,P (2753) Shenzhen 2018}) 11. Be2 {The position is equal.} Qc7 12. Rc1 b6 $146 ({Predecessor:} 12... Nc6 13. O-O b6 14. Be3 Na5 15. Qd2 {1-0 (33) Quintiliano Pinto,R (2431)-Oswaldo Valentin,R (2237) Lima 2018}) 13. h4 Bb7 14. e5 Nc6 15. h5 Rfd8 16. hxg6 hxg6 17. Rc2 cxd4 18. cxd4 Qe7 19. Bg5 Qb4+ $1 20. Kf1 Nxd4 21. Bxd8 (21. Rd2 $1 $15 Bxf3 22. Bxf3 Qb5+ 23. Be2 Qxe5 24. Bxd8 Rxd8 25. Rh3) 21... Nxc2 $17 (21... Rxd8 $6 22. Rc4 $11) 22. Bf6 Bxf3 ({Black should try} 22... Rc8 $1 23. Rh4 (23. Bxg7 Kxg7 24. Rh4 Qc3 $17) 23... Qc3 24. Bxg7 Kxg7) 23. gxf3 {Qc1 is the strong threat.} Qc3 24. Qc1 {And now Bxg7 would win.} Bxf6 25. exf6 Qa1 $1 {[%cal Ra1c1]} 26. Qxa1 Nxa1 {[%mdl 4096] Endgame KRB-KRN} 27. Rh4 {White wants to play Rc4.} Rc8 $1 28. Rd4 {[#]} (28. Ba6 $142 Rc1+ 29. Kg2) 28... Nc2 $1 {[%cal Rc2d4]} 29. Rd7 Nb4 30. Rxa7 Nd5 31. Ke1 Nxf6 32. Ba6 Rc3 33. Bb7 Rc7 34. Ra8+ Kg7 35. Ba6 Nd5 36. Rb8 Rc1+ 37. Kd2 Rc3 38. Bb7 {Threatens to win with Bxd5.} Rxf3 39. Ke1 Rf5 40. Bxd5 $2 $19 {KRB-KR} (40. Bc6 {keeps fighting.}) 40... Re5+ ({Not} 40... exd5 41. Rxb6 Rf3 42. Rd6 $15) 41. Kf1 (41. Kd2 $142 Rxd5+ 42. Ke3) 41... Rxd5 42. Rxb6 {KR-KR} Ra5 43. Rb2 g5 44. Ke2 Ra3 45. Kd2 g4 46. Kc1 f5 47. Re2 Kf6 48. Kb2 Rh3 49. a4 Rh2 50. Rc2 {[#]} f4 $1 51. a5 g3 52. a6 gxf2 {Black mates.} 53. a7 f1=Q 54. a8=Q {KQR-KQR} Qb5+ 55. Ka1 Qe5+ ({Stronger than} 55... Rxc2 56. Qf8+ Ke5 57. Qg7+ Kd6 58. Qf8+ Ke5 59. Qxf4+ Kd5 60. Qd4+ Kc6 61. Qb6+ Qxb6 $11) 56. Kb1 Qe1+ 57. Kb2 Qb4+ 58. Kc1 Rxc2+ 59. Kxc2 {KQ-KQ} Qc5+ 60. Kb2 Kf5 61. Qb7 Qe5+ 62. Kc1 Qe1+ 63. Kb2 Qd2+ 64. Kb1 Qd1+ 65. Kb2 Qe2+ 66. Kc1 Kg4 67. Qg7+ Kf3 68. Qh6 Qc4+ 69. Kd2 Qd5+ 70. Ke1 Qe5+ 71. Kd2 Kg2 72. Qg6+ Kf2 73. Qh6 f3 74. Qh4+ Qg3 75. Qd4+ Kg2 76. Qe4 Qg5+ 77. Kc3 Qf5 78. Qb7 Qe5+ 79. Kc2 Kg3 80. Qb3 Qe4+ 81. Kb2 Kg2 82. Qc3 f2 83. Qg7+ Kf3 84. Qf7+ Ke3 {Accuracy: White = 51%, Black = 89%.} 0-1

[Event "GAMMA Reykjavik Open 2019"]
[Site "Reykjavik"]
[Date "2019.04.15"]
[Round "8.2"]
[White "Gupta, Abhijeet"]
[Black "Grandelius, Nils"]
[Result "1/2-1/2"]
[WhiteElo "2602"]
[BlackElo "2687"]
[Annotator "TA"]
[PlyCount "129"]
[EventDate "2019.04.04"]
[EventType "swiss"]
[EventCountry "ISL"]
[SourceTitle "playchess.com"]
[Source "ChessBase"]
[SourceQuality "1"]

{[%evp 13,129,18,25,7,25,24,43,17,32,11,6,11,7,13,15,12,16,5,31,-22,34,27,37,0,35,26,87,86,72,-155,-154,-148,-135,-108,0,-114,0,0,0,0,0,0,0,0,0,0,0,0,0,0,0,0,0,0,154,0,0,-253,-267,-257,-262,-447,0,0,0,0,0,0,0,0,0,0,0,0,0,0,0,0,0,0,0,0,109,103,125,133,150,8,8,8,8,8,8,8,8,8,8,8,12,0,0,0,0,0,0,0,0,0,0,0,0,0,0,0,0,0,0,0]} 1. d4 d5 2. c4 e6 3. Nc3 a6 4. cxd5 exd5 5. Nf3 h6 6. Qb3 {D31: Queen's Gambit Declined: Semi-Slav without ...Nf6 (+ Marshall Gambit and Noteboom) and Exchange Variation lines without ...Nf6} Nf6 7. Bf4 Bd6 {LiveBook: 5 Games} 8. Bg3 $146 {White has an edge.} ({Predecessor:} 8. Bxd6 Qxd6 9. e3 O-O 10. Bd3 b6 11. O-O Nbd7 12. Rfd1 Bb7 13. Rac1 {0-1 (65) Melkumyan,H (2670)-Carlsen,M (2835) St Petersburg 2018}) 8... Nc6 9. e3 Bf5 10. Be2 (10. Bh4 {is interesting.} O-O 11. Be2 Be6 12. O-O g5 13. Bg3) 10... O-O 11. O-O Bxg3 12. hxg3 Qd6 13. Rac1 Rfe8 14. Na4 b6 15. Qa3 Nb4 16. Ne5 {[#]} (16. Rfd1 $14) 16... a5 ({Black should play} 16... c5 $1 $11 {[%mdl 512]}) 17. Nc3 {And now Nb5 would win.} c5 18. g4 Bh7 19. Qa4 Rxe5 (19... Ne4 $11) 20. dxe5 $16 Qxe5 21. Qb5 $2 {[#]} (21. Rfd1 $1 $16 {keeps the pressure on.}) 21... Bd3 $1 $17 {[%cal Rd3b5][%mdl 512]} 22. Bxd3 Nxg4 {[%csl Gg4][%cal Re5h2]} 23. Rfe1 (23. g3 $2 Qh5 $19) 23... Qh2+ 24. Kf1 Qh1+ (24... Qh4 $1 $17 {[%csl Gg4][%cal Rh4f2]} 25. Nd1 Ne5) 25. Ke2 $11 Qxg2 26. Rf1 Ne5 27. Bb1 $1 Qf3+ $1 28. Ke1 Qg4 29. f4 Qg3+ 30. Ke2 Qg4+ 31. Ke1 Qg3+ 32. Ke2 Ng4 33. Rce1 $1 c4 $2 (33... Qxe3+ $2 34. Kd1 $18) ({Black should try} 33... Qh2+ $11 34. Kd1 Qxb2) 34. Nd1 $2 (34. Kd2 $16) 34... Qg2+ 35. Rf2 $2 {[%mdl 8192]} (35. Nf2 $11 {and White has nothing to worry.}) 35... Nxf2 $19 36. Nxf2 {[#]} d4 $1 {[%cal Rd4d3][%mdl 512]} 37. exd4 $2 {[#]} (37. Qxc4 {only move.} dxe3 38. Kxe3 Nd5+ 39. Ke2 Re8+ 40. Be4 Nxf4+ 41. Kd1 Rd8+ 42. Nd3 Qxb2 43. Bf5 Nxd3 44. Bxd3) 37... Nd5 $2 (37... Nc6 $1 $19 {[%cal Rc6d4]} 38. Bh7+ Kxh7 39. Qf5+ Kg8) 38. Be4 $11 Nxf4+ 39. Kd1 Qxf2 40. Bxa8 $40 {[%mdl 128] Re8+ would kill now. Black needs to defend precisely.} Qxd4+ 41. Kc2 Qf2+ 42. Kd1 {White threatens Re8+ and mate.} Qd4+ 43. Kc1 Nd3+ 44. Kb1 Nxe1 {[%cal Rd4d1]} 45. Qe8+ Kh7 {[%cal Rd4d1]} 46. Be4+ g6 {[%cal Rd4d1]} 47. Qxf7+ Qg7 (47... Kh8 $11 48. Qe8+ Kg7 49. Qxg6+ Kf8 50. Qxh6+ Kf7 51. Qf4+ Ke6) 48. Qxc4 $16 (48. Bxg6+ $6 Kh8 $11) 48... Qe7 49. Qc6 {[%mdl 1024] White has strong compensation.} Qf7 {[#]} 50. Qc3 (50. Qxb6 Nc2 $11) (50. a4 $1 $16) 50... Qf1 $11 {The position is equal.} 51. Qc7+ Kh8 $1 52. Qe5+ Kh7 53. Qe7+ Kh8 $1 54. Qe8+ Kg7 {...Nf3+ is the strong threat.} 55. Qxg6+ Kf8 {Hoping for ...Nf3+.} 56. Qd6+ Kf7 57. Bd5+ Kg7 58. Qe5+ Kg6 59. Be4+ Kf7 {( -> ...Nd3+)} 60. Qc7+ Ke6 61. Qc6+ ({Much weaker is} 61. Qxb6+ Ke5 $17) 61... Ke7 62. Qc7+ Ke6 {Strongly threatening ...Nd3+.} 63. Qc6+ ({But not} 63. Qxb6+ Ke5 $17) 63... Ke7 {aiming for ...Nd3+.} 64. Qb7+ Kf6 {White must now prevent ...Nf3+.} 65. Qc6+ {Precision: White = 56%, Black = 53%.} ({Reject} 65. Qxb6+ Ke5 $17) 1/2-1/2

[Event "GAMMA Reykjavik Open 2019"]
[Site "Reykjavik"]
[Date "2019.04.15"]
[Round "8.3"]
[White "L'Ami, Erwin"]
[Black "Petrosian, Tigran L."]
[Result "1/2-1/2"]
[WhiteElo "2647"]
[BlackElo "2605"]
[Annotator "TA"]
[PlyCount "60"]
[EventDate "2019.04.04"]
[EventType "swiss"]
[EventCountry "ISL"]
[SourceTitle "playchess.com"]
[Source "ChessBase"]
[SourceQuality "1"]

{[%evp 9,60,27,26,19,16,7,9,6,12,11,20,0,23,8,1,-19,-8,-17,-12,-11,0,-8,-12,-23,0,0,0,-15,-4,-14,0,0,0,0,0,0,0,0,0,0,0,0,0,0,0,0,13,11,18,25,18,23,47]} 1. d4 Nf6 2. c4 e6 3. Nf3 a6 4. Nc3 d5 5. cxd5 exd5 6. Bf4 {D37: Queen's Gambit Declined: 5 Bf4} Bd6 7. Bg3 O-O 8. e3 {The position is equal.} h6 $146 ({Predecessor:} 8... Bf5 9. Qb3 Bxg3 10. hxg3 Nc6 11. Be2 Qd6 12. O-O Ne7 13. Ne5 h5 {0-1 (39) Karjakin,S (2783)-Adams,M (2761) Shamkir 2017}) 9. Bd3 Be6 10. Qc2 Qe7 11. O-O Bxg3 12. fxg3 Nbd7 13. Rae1 c5 14. h3 b5 15. a3 Rac8 {And now ...b4 would win.} 16. Qb1 b4 17. axb4 cxb4 18. Ne2 a5 19. g4 Ne4 20. Bxe4 dxe4 21. Qxe4 Rfe8 22. Ng3 Nf6 23. Qb1 b3 24. Rf2 Qc7 25. Ne4 $36 {[%mdl 2048] White is more active.} Nxe4 26. Qxe4 f6 27. d5 Bf7 28. Qd4 Qc5 29. d6 {[#] aiming for d7.} Red8 30. Rd1 Qxd4 {Accuracy: White = 70%, Black = 57%.} 1/2-1/2

[Event "GAMMA Reykjavik Open 2019"]
[Site "Reykjavik"]
[Date "2019.04.15"]
[Round "8.4"]
[White "Loiseau, Quentin"]
[Black "Parligras, Mircea-Emilian"]
[Result "0-1"]
[WhiteElo "2461"]
[BlackElo "2633"]
[Annotator "TA"]
[PlyCount "106"]
[EventDate "2019.04.04"]
[EventType "swiss"]
[EventCountry "ISL"]
[SourceTitle "playchess.com"]
[Source "ChessBase"]
[SourceQuality "1"]

{[%evp 14,106,33,33,27,29,29,4,23,5,10,0,0,0,0,-2,7,8,31,0,2,4,20,17,18,0,0,0,-14,-37,-7,-34,247,247,260,246,231,139,129,126,133,116,124,125,120,127,106,0,3,6,8,-47,-47,-49,-22,-22,-22,-30,-22,-22,-22,-47,-47,-47,-47,-121,-70,-299,-232,-630,-624,-787,-539,-1194,-1081,-885,-851,-2052,-1837,-1559,-1453,-1385,-1211,-1503,-1446,-847,-844,-29967,-29969,-29969,-29965,-29942,-5628,-29985,-29986]} 1. d4 Nf6 2. Nf3 d5 3. c4 e6 4. Nc3 Nbd7 5. Bf4 dxc4 6. e3 Nd5 7. Bxc4 Nxf4 8. exf4 Nb6 {D37: Queen's Gambit Declined: 5 Bf4} 9. Bb3 g6 (9... Bd6 10. g3 Bd7 11. O-O O-O 12. Qd3 Bc6 13. Rad1 Qf6 14. Ne5 Bxe5 15. fxe5 Qf3 16. Qxf3 Bxf3 {½-½ (32) Wojtaszek,R (2727)-Wang,H (2722) Porto Carras 2018}) 10. h4 Bg7 {The position is equal.} 11. h5 Bd7 12. Ne5 Qe7 13. Qe2 O-O-O 14. O-O-O Rhe8 $146 ({Predecessor:} 14... Rhf8 15. hxg6 hxg6 16. Rh7 Bxe5 17. Qxe5 {0-1 (31) Czakon,J (2505)-Jakubowski,K (2465) Ustron 2007}) 15. Ne4 Kb8 16. hxg6 hxg6 17. Rh7 Qf8 18. Nc5 Bc8 19. Qf3 Nd5 20. Bxd5 exd5 21. Rd3 {[%cal Bd1d3,Bd3b3,Bb3b7][%mdl 32]} Rd6 22. Rb3 {Rxb7+! is the strong threat.} Red8 $2 {[%mdl 8192] [#]} (22... Ka8 $15) 23. Rxb7+ $3 $18 {[%mdl 512]} Bxb7 24. Qb3 {[%csl Gc5][%cal Rb3b7]} Rb6 25. Ned7+ Ka8 26. Nxf8 Rxb3 27. Rxg7 {Strongly threatening Nfe6.} Rb4 28. Rxf7 Rc4+ 29. Kb1 {Threatens to win with b3.} Bc8 30. b3 ({White should play} 30. Nxg6 $16 {aiming for Ne5.} Rxd4 31. Ne5) 30... Bf5+ $1 $11 31. Rxf5 $1 gxf5 32. bxc4 ({Better is} 32. Nfe6 $1 $11 Rxc5 33. dxc5 (33. Nxd8 Rc3 $11)) 32... Rxf8 $15 33. cxd5 $11 {[%mdl 4096] Endgame KR-KN} Re8 {White should prevent ...Re2.} 34. Ne6 Kb8 35. g3 Re7 36. Kc2 c6 37. Kd2 cxd5 38. Nc5 Kc7 {[%mdl 1024] Black has compensation.} 39. a3 (39. Na6+ $15 Kc6 40. a4) 39... Kb6 $17 40. a4 $2 (40. Kc3 $1 $15) 40... Ka5 $19 41. Kc3 $2 (41. f3) 41... Re2 42. Nd3 Kxa4 43. Nb4 Rxf2 44. Nxd5 Kb5 45. Nc7+ Kc6 46. Ne6 Rf3+ 47. Kc4 Rxg3 48. d5+ Kd7 49. Kd4 Kd6 50. Nd8 Rg7 51. Nc6 Rg4 52. Ke3 Kxd5 (52... Rg3+ $142 53. Kd4 Rf3 54. Nxa7 Rxf4+ 55. Kd3 Kxd5 56. Ke3 Re4+ 57. Kf2 Kc5 58. Kf3 Re7 59. Kf4 Rxa7 60. Kxf5 Kd5 61. Kf4 Ra3 62. Kf5 Ra4 63. Kf6 Rf4+ 64. Kg5 Ke5 65. Kg6 Ke6 66. Kg5 Re4 67. Kg6 Rg4+ 68. Kh5 Kf5 69. Kh6 Rg1 70. Kh7 Kf6 71. Kh8 Kf7 72. Kh7 Rh1#) 53. Nxa7 Kc5 {Accuracy: White = 31%, Black = 64%.} 0-1

[Event "GAMMA Reykjavik Open 2019"]
[Site "Reykjavik"]
[Date "2019.04.15"]
[Round "8.5"]
[White "Hovhannisyan, Robert"]
[Black "Brunello, Sabino"]
[Result "1/2-1/2"]
[WhiteElo "2630"]
[BlackElo "2534"]
[Annotator "TA"]
[PlyCount "132"]
[EventDate "2019.04.04"]
[EventType "swiss"]
[EventCountry "ISL"]
[SourceTitle "playchess.com"]
[Source "ChessBase"]
[SourceQuality "1"]

{[%evp 9,132,11,17,22,12,12,16,0,0,0,6,14,13,9,10,0,0,1,8,8,8,0,12,0,7,0,0,0,0,0,38,22,29,0,17,14,20,23,21,6,2,10,33,29,37,14,26,34,22,22,29,29,36,36,36,33,60,57,57,57,57,65,222,224,229,222,214,207,142,60,61,37,38,50,54,23,23,23,23,23,23,7,23,0,23,0,0,0,0,0,0,0,0,0,0,0,0,0,0,0,0,0,0,0,0,0,0,0,0,0,0,0,0,0,0,0,0,0,0,0,0,0,0,0,0]} 1. e4 c5 2. Nc3 d6 3. Bb5+ Bd7 4. Bxd7+ Qxd7 (4... Nxd7 5. f4 g6 6. Nf3 Bg7 7. Qe2 e6 8. Nb5 Qb8 9. Qd3 Ke7 10. O-O a6 11. Nc3 b5 {0-1 (27) Shimanov,A (2620)-Xiong,J (2675) Saint Louis 2018}) 5. d4 cxd4 6. Qxd4 {B23: Closed Sicilian: Lines without g3} Nc6 7. Qd3 g6 8. Nf3 Bg7 9. O-O Nf6 10. Nd5 O-O 11. c3 Ng4 12. Rd1 Nge5 13. Nxe5 Nxe5 14. Qe2 $146 e6 15. Nb4 Qc7 16. Bf4 Rfd8 17. Nd3 Qc4 18. Kf1 Nc6 19. Ne1 d5 20. Qxc4 dxc4 21. a4 Be5 22. Bxe5 Nxe5 23. Ke2 g5 24. Rxd8+ Rxd8 $11 {[%mdl 4096] Endgame KRN-KRN} 25. a5 b5 26. axb6 axb6 27. Ra7 Kg7 28. Rb7 Rd6 29. Nf3 Nxf3 30. Kxf3 {KR-KR} Kf6 31. Ke3 h5 32. Rc7 b5 33. Rc5 Rb6 34. h4 gxh4 35. Rxh5 b4 $2 (35... Kg6 $14 36. Rc5 (36. Rxh4 Ra6 $16) 36... Kf6) 36. e5+ $18 ({Don't play} 36. Rxh4 $6 bxc3 37. bxc3 Rd6 $16) 36... Kg6 37. Rxh4 bxc3 38. bxc3 Rb5 {[#]} 39. Re4 (39. Rg4+ $1 $16 Kf5 40. Rxc4) 39... Rd5 $1 $14 40. Ke2 {Hoping for f4.} Kf5 41. Rxc4 Rxe5+ 42. Kf3 Re1 43. Rf4+ Kg6 44. Re4 Rc1 45. Re3 Rc2 46. g3 f6 47. Rd3 e5 {The position is equal.} 48. Ke3 Kg5 49. f4+ exf4+ 50. gxf4+ Kg4 51. Kd4 Kxf4 52. c4 Ra2 53. c5 {[#] Threatens to win with c6.} Ra8 54. c6 Rc8 55. Kc5 {Strongly threatening Kb6.} f5 56. Rd7 {aiming for Kb6.} Ke3 57. Re7+ Kd3 58. Rf7 Ke4 59. Kb6 f4 60. Kb7 Rh8 61. Re7+ Kd3 62. c7 f3 63. Rf7 Ke2 64. c8=Q Rxc8 65. Kxc8 f2 66. Rxf2+ Kxf2 {Accuracy: White = 57%, Black = 75%.} 1/2-1/2

[Event "GAMMA Reykjavik Open 2019"]
[Site "Reykjavik"]
[Date "2019.04.15"]
[Round "8.6"]
[White "Korley, Kassa"]
[Black "Tari, Aryan"]
[Result "0-1"]
[WhiteElo "2440"]
[BlackElo "2615"]
[Annotator "TA"]
[PlyCount "80"]
[EventDate "2019.04.04"]
[EventType "swiss"]
[EventCountry "ISL"]
[SourceTitle "playchess.com"]
[Source "ChessBase"]
[SourceQuality "1"]

{[%evp 19,80,12,3,-8,27,41,41,45,33,31,37,43,36,-10,-6,-10,0,0,0,0,0,0,0,0,0,0,0,-8,-12,-35,-6,-6,-8,-64,-63,-83,-70,-67,-83,-98,-91,-86,-64,-72,-63,-80,-54,-54,-47,-49,-60,-155,0,0,12,-29989,-29990,-29992,-29993,-29993,-29993,-29993,-29994]} 1. d4 Nf6 2. c4 g6 3. g3 Bg7 4. Bg2 d5 5. cxd5 Nxd5 6. e4 Nb6 7. Ne2 c5 8. d5 e6 9. O-O O-O 10. Nec3 Na6 {LiveBook: 132 Games} 11. d6 $146 {D72: Fianchetto Grünfeld: 5 cxd5 Nxd5 6 e4 Nb6 (without Nf3)} ({Predecessor:} 11. Bf4 exd5 12. exd5 Bf5 13. Na3 Nb4 14. g4 Bd3 15. Re1 N6xd5 16. Be5 Bxe5 17. Rxe5 Nf4 18. Rxc5 Qe7 {0-1 (33) Adly,A (2626)-Salem,A (2660) Dubai 2018}) 11... e5 12. Na3 Be6 13. Be3 {White is slightly better.} Qd7 14. Qd2 Rfd8 15. Rfd1 Qc6 16. Bf1 Bf8 $1 {[%cal Rd8d6]} 17. Bb5 Qxd6 18. Qe2 Qe7 19. Bxa6 bxa6 20. Qxa6 Bg4 21. Rxd8 Rxd8 22. Nc2 Rd7 23. Qf1 Be6 {[%cal Bg4e6,Be6c4,Bc4d3][%mdl 32]} 24. Rd1 h5 (24... Qd8 $5) 25. h4 Bc4 $36 {[%mdl 2048] Black fights for an advantage.} 26. Qe1 (26. Rxd7 $11 Qxd7 27. Qb1) 26... Bd3 $1 $15 {[%cal Rd3c2]} 27. Na3 Qe6 28. f3 c4 29. Nab1 Bb4 30. Kg2 {[#]} Na4 $1 {[%mdl 512]} 31. Rd2 (31. Nxa4 Bxe1) 31... Qc6 32. Qd1 Bxc3 33. Nxc3 Nxc3 34. bxc3 Rb7 35. Qc1 {[#]} ({White should play} 35. Rf2 $15) 35... Rb1 $2 (35... Bxe4 $1 $17 {[%mdl 512] Hoping for ...Rb1.} 36. Rf2 (36. fxe4 $2 Qxe4+ 37. Kf2 Rb1 $19) (36. Rd8+ $2 Kh7 $19) 36... Bf5) 36. Qa3 $11 Qe6 37. Rb2 $2 {[%mdl 8192]} (37. Bh6 $11 Qf6 38. Qf8+ Kh7 39. Bg5) 37... Bf1+ {Black mates.} 38. Kf2 {[#]} Qh3 $1 {[%cal Rh3h2][%mdl 512]} 39. Bc1 Qg2+ 40. Ke3 Qg1+ {Precision: White = 39%, Black = 67%.} 0-1

[Event "GAMMA Reykjavik Open 2019"]
[Site "Reykjavik"]
[Date "2019.04.15"]
[Round "8.7"]
[White "Suleymenov, Alisher"]
[Black "Firouzja, Alireza"]
[Result "0-1"]
[WhiteElo "2431"]
[BlackElo "2669"]
[Annotator "TA"]
[PlyCount "76"]
[EventDate "2019.04.04"]
[EventType "swiss"]
[EventCountry "ISL"]
[SourceTitle "playchess.com"]
[Source "ChessBase"]
[SourceQuality "1"]

{[%evp 11,76,27,24,18,24,32,29,28,12,23,27,7,45,48,52,53,51,34,49,39,73,72,89,72,60,37,48,67,89,54,74,0,0,0,0,0,-14,-17,0,-46,-47,-54,-63,-66,-56,-50,0,0,47,52,58,0,0,0,0,-233,-233,-348,-343,-351,-351,-348,-338,-333,-325,-29997,-29998]} 1. d4 g6 2. c4 Bg7 3. e4 d6 4. Nc3 e5 5. d5 a5 6. Be2 {A42: Modern Defence: Averbakh Variation} (6. b3 f5 7. exf5 gxf5 8. Qh5+ Kf8 9. Bb2 Nf6 10. Qd1 Na6 11. Be2 Nc5 12. Nf3 Bd7 13. O-O Rg8 {½-½ (52) Kazhgaleyev,M (2587)-Tabatabaei,M (2600) Astana 2019}) 6... Na6 {LiveBook: 11 Games} 7. Be3 f5 $146 ({Predecessor:} 7... Nf6 8. h3 Nc5 9. Qc2 O-O 10. g4 c6 11. Nf3 cxd5 12. cxd5 Ne8 13. Bg5 f6 {0-1 (40) Marcet Bisbal,A (2316)-Gual Pascual,A (2432) Barcelona 2015}) 8. exf5 {White has an edge.} Bxf5 9. g4 Bd7 10. h4 {[%cal Bh2h4,Bh4h5][%mdl 32]} Qe7 11. h5 g5 12. Nf3 {[%cal Bg1f3,Bf3d2,Bd2e4][%mdl 32]} h6 13. Nd2 $1 e4 14. Ndxe4 Nf6 15. Ng3 O-O 16. O-O a4 17. Bd4 a3 18. b3 c5 19. dxc6 $1 bxc6 20. f3 $1 c5 21. Nd5 (21. Bf2 $1 $16) 21... Nxd5 $11 22. Bxg7 Kxg7 23. Qxd5 Nb4 24. Qe4 Qxe4 25. Nxe4 Rae8 26. Rf2 Bxg4 $1 27. Nxd6 ({Not} 27. fxg4 $2 Rxe4 28. Bf3 Ref4 $19) 27... Re6 28. Ne4 ({But not} 28. fxg4 Rxf2 29. Kxf2 Rxd6 $19) 28... Nc2 29. Raf1 {And now Bd3 would win.} (29. fxg4 $2 Rxf2 30. Kxf2 Nxa1 $17) 29... Bh3 30. Nxc5 Re5 {Hoping for ...Nd4.} 31. Rc1 (31. Nd3 $14 Re3 32. Rd1) 31... Nd4 $36 {[%mdl 2048] Black is pushing.} 32. Ne4 g4 {[%cal Bg5g4,Bg4f3,Bf3f2][%mdl 32]} 33. Ng3 $2 (33. Rd1 $11 {and White is okay.} Nxe2+ 34. Rxe2 gxf3 35. Rh2) 33... gxf3 $19 34. Bd3 (34. Bf1 $142 Bg4 35. Rd2 Ne2+ 36. Bxe2 fxe2 37. Re1) 34... Rf4 $1 35. Rh2 {[#]} f2+ $1 {[%mdl 512]} 36. Rxf2 Nf3+ 37. Kh1 {[#]} Rg5 $1 {[%cal Rg5g3]} 38. Ne4 $2 {[#]} (38. Be2 $19 Rxg3 39. Rxf3 Rgxf3 40. Bxf3 Rxf3 41. Kg1) 38... Bg2+ $1 {[%mdl 512] Accuracy: White = 51%, Black = 84%.} 0-1